| 000 | 00729nam a22002177a 4500 | ||
|---|---|---|---|
| 003 | OSt | ||
| 005 | 20230112112742.0 | ||
| 008 | 230112b |||||||| |||| 00| 0 eng d | ||
| 020 | _a978 0 9771453 7 9 | ||
| 040 | _cBiblioteca Lado V | ||
| 082 |
_a708 _bP438g |
||
| 100 |
_9454 _aPerez-Barreiro, Gabriel _eeditor |
||
| 245 | _aThe geometry of hope/ | ||
| 260 |
_aNew York _bFundación Cisneros _bBlanton Museum _c2007 |
||
| 300 |
_a343p. _c26x31cm |
||
| 650 |
_2Tesauro de Arte & Arquitectura _aARTE CONTEMPORANEO |
||
| 650 |
_2Tesauro de Arte & Arquitectura _aARTE VISUAL |
||
| 650 |
_2Tesauro de Arte & Arquitectura _aMUSEO |
||
| 700 |
_aNoorthoorn, Victoria _ecurador |
||
| 942 |
_2ddc _c1 _h708 _iP438g _n0 |
||
| 999 |
_c2745 _d2745 |
||